书目信息 |
| 题名: |
新时期河北农村的变革
|
|
| 作者: | ;中共河北省委党史研究室 中共唐山市委党史研究室 编 | |
| 分册: | 唐山卷 | |
| 出版信息: | 北京 中央文献出版社 2000 |
|
| 页数: | 327页 | |
| 开本: | 20cm | |
| 丛书名: | ||
| 单 册: | ||
| 中图分类: | F327.2 | |
| 科图分类: | ||
| 主题词: | 农业经济--中国 | |
| 电子资源: | ||
| ISBN: | 7-5073-0732-8 | |
| 000 | 00819nam0 2200193 450 | |
| 001 | 0769937539 | |
| 005 | 20070726094003.42 | |
| 010 | @a7-5073-0732-8@dCNY32.80 | |
| 100 | @a20070720d2000 km y0chiy0120 ea | |
| 101 | 0 | @achi |
| 102 | @aCN@b110000 | |
| 200 | 1 | @a新时期河北农村的变革@Axin shi qi he bei nong cun de bian ge@h唐山卷@f中共河北省委党史研究室 中共唐山市委党史研究室编@Fzhong gong he bei sheng wei dang shi yan jiu shi zhong gong tang shan shi wei dang shi yan jiu shi bian |
| 210 | @a北京@c中央文献出版社@d2000 | |
| 215 | @a327页@d20cm | |
| 606 | 0 | @a农业经济@x中国 |
| 690 | @aF327.2@v3 | |
| 711 | 02 | @a中共河北省委党史研究室 中共唐山市委党史研究室@Azhong gong he bei sheng wei dang shi yan jiu shi zhong gong tang shan shi wei dang shi yan jiu shi@4编 |
| 801 | 0 | @aCN@bPFT@c20070726 |
| 905 | @a10447@dF327.2@e85 | |
| 新时期河北农村的变革.唐山卷/中共河北省委党史研究室 中共唐山市委党史研究室编.-北京:中央文献出版社,2000 |
| 327页;20cm |
| ISBN 7-5073-0732-8:CNY32.80 |
| ● |
| 相关链接 |
|
|
|
|
正题名:新时期河北农村的变革
索取号:F327.2/85
 
预约/预借
| 序号 | 登录号 | 条形码 | 馆藏地/架位号 | 状态 | 备注 |
| 1 | 0769150 | 207691504 | 第一样本阅览室/ [索取号:F327.2/85] | 在馆 |